| 000 | 00631nam a22002177a 4500 | ||
|---|---|---|---|
| 003 | OSt | ||
| 005 | 20140310182757.0 | ||
| 008 | 130208t xxu||||| |||| 00| 0 eng d | ||
| 020 | _a9812471499 | ||
| 050 |
_aHD 30.28 _b.W56s 2004 |
||
| 100 | _aWheelen, Thomas L. | ||
| 245 |
_aStrategic management and business policy / _cThomas L. Wheelen, J. David Hunger. |
||
| 260 |
_aUpper Saddle River, NJ : _bPearson Prentice Hall, _c2004. |
||
| 300 |
_a1234 p. : _bill. ; _c27 cm. |
||
| 521 | _aBSBA | ||
| 650 | _aManagement. | ||
| 650 | _aBusiness policy. | ||
| 700 | _aHunger, J. David | ||
| 942 |
_2lcc _cBK _kFOR |
||
| 999 |
_c15891 _d15891 |
||